Vista normal
Vista MARC
Entrada Personal Name
Número de registros utilizados en: 1
001 - CONTROL NUMBER
- control field: 9731
003 - CONTROL NUMBER IDENTIFIER
- control field: OSt
005 - DATE AND TIME OF LATEST TRANSACTION
- control field: 20200903134840.0
008 - FIXED-LENGTH DATA ELEMENTS
- fixed length control field: 200903|| aca||aabn | a|a d
040 ## - CATALOGING SOURCE
- Original cataloging agency: OSt
- Transcribing agency: OSt
100 ## - HEADING--PERSONAL NAME
- Personal name: Escobar Jaramillo, Santiago
670 ## - SOURCE DATA FOUND
- Source citation: Work cat.: (OSt)4288: Escobar Jaramillo, Santiago, fotógrafo, La policía de los colombianos /, 2011